| 000 | 00514nam a22001457a 4500 | ||
|---|---|---|---|
| 005 | 20250728160827.0 | ||
| 008 | 250728b |||||||| |||| 00| 0 eng d | ||
| 050 |
_aRES HD 38.5 .M88 2017 _bC. 1 |
||
| 100 | _aMUTINYE, BRENDA KHATENJE | ||
| 245 |
_aAN ASSESSMENT ON THE EFFECTS OF PROCUREMENT PROCEDURES ON SUPPLY CHAIN PERFORMANCE IN RETAIL SEC TOR _bA CASE STUDY OF TUSKEYS SUPERMARKET IN KISII TOWN |
||
| 260 |
_aKISII _bKSU _c2017 |
||
| 300 | _aXI, 44P., ILL: | ||
| 500 | _aINCLUDES INDEX | ||
| 942 |
_2lcc _cREF |
||
| 999 |
_c215968 _d215968 |
||